00564nam a2200205Ia 450000500170000000800410001702000150005808200190007310000150009224500240010726000410013130000170017265000120018965000170020165000120021865000120023094200060024295200950024899900150034320250317025436.0240331s9999 xx 000 0 und d a0415102308 a301bMUL24158 aMulhern, F 0aCulture Metaculture aLondon; aNew York,bRoutledgec2000 axxi, 198 p., aCulture aCivilization aWelfare aSociety cL 001040708LaWERCLbWERCLcSSCd2024-03-31l0o 301 MULp4158r2024-03-31w2024-03-31yL c1023d1023